000 00524nam a22001937a 4500
003 OSt
005 20230922132624.0
008 230922b |||||||| |||| 00| 0 eng d
020 _a9781620700303
040 _cDDC
082 _aQY90 N515c 2015
100 _4Nichols, James H.; Rauch, Carol A.
245 _aClinical Chemistry in Laboratory Diagnosis
260 _aNew York; Demosmedical, 2014
300 _axii,158p;ill:
_c20.5cm
500 _aIndex included
650 _aClinical chemistry
_9428
942 _2z
_cO_SHELF
999 _c8154
_d8154